[Event "Russian Blitz Championship (m)"]
[Site "Sochi"]
[Date "2022.10.14"]
[Round "6.7"]
[White "Afanasiev, Nikita"]
[Black "Kukhmazov, Arsen"]
[Result "1-0"]
[BlackElo "2395"]
[WhiteElo "2541"]
[LiveChessVersion "1.4.8"]

1. d4 {[%clk 0:03:02]} Nf6 {[%clk 0:03:03]} 2. c4 {[%clk 0:03:03]} e6
{[%clk 0:03:04]} 3. Nc3 {[%clk 0:03:04]} Bb4 {[%clk 0:03:06]} 4. e3
{[%clk 0:03:05]} O-O {[%clk 0:02:57]} 5. Bd3 {[%clk 0:03:05]} d5 {[%clk 0:02:58]}
6. a3 {[%clk 0:03:04]} Bxc3+ {[%clk 0:02:58]} 7. bxc3 {[%clk 0:03:05]} dxc4
{[%clk 0:03:00]} 8. Bxc4 {[%clk 0:03:06]} c5 {[%clk 0:03:01]} 9. Ne2
{[%clk 0:02:59]} Qc7 {[%clk 0:03:03]} 10. Ba2 {[%clk 0:02:57]} b6
{[%clk 0:02:49]} 11. O-O {[%clk 0:02:56]} Bb7 {[%clk 0:02:42]} 12. Ng3
{[%clk 0:02:50]} e5 {[%clk 0:02:05]} 13. d5 {[%clk 0:02:44]} c4 {[%clk 0:01:41]}
14. e4 {[%clk 0:02:45]} Ne8 {[%clk 0:01:25]} 15. f4 {[%clk 0:02:42]} Nd7
{[%clk 0:01:25]} 16. fxe5 {[%clk 0:02:41]} Nxe5 {[%clk 0:01:24]} 17. Qd4
{[%clk 0:02:42]} f6 {[%clk 0:00:30]} 18. Bf4 {[%clk 0:02:40]} Rc8
{[%clk 0:00:19]} 19. a4 {[%clk 0:02:37]} Qc5 {[%clk 0:00:11]} 20. Qxc5
{[%clk 0:02:13]} Rxc5 {[%clk 0:00:12]} 21. Nf5 {[%clk 0:02:14]} g6
{[%clk 0:00:13]} 22. Nd4 {[%clk 0:02:08]} Bc8 {[%clk 0:00:13]} 23. Bxe5
{[%clk 0:01:33]} fxe5 {[%clk 0:00:14]} 24. Rxf8+ Kxf8 {[%clk 0:00:15]} 25. Nc6
{[%clk 0:01:33]} Nd6 {[%clk 0:00:14]} 26. Bb1 {[%clk 0:01:34]} Nf7
{[%clk 0:00:13]} 27. Nxa7 Bd7 28. Bc2 {[%clk 0:01:11]} Ra5 {[%clk 0:00:16]} 29.
Nc6 {[%clk 0:01:10]} Bxc6 {[%clk 0:00:17]} 30. dxc6 {[%clk 0:01:11]} Rc5
{[%clk 0:00:19]} 31. Rb1 Rxc6 32. Rb5 {[%clk 0:00:57]} Ke7 {[%clk 0:00:22]} 33.
Bd1 {[%clk 0:00:50]} Kf6 {[%clk 0:00:24]} 34. Bf3 {[%clk 0:00:44]} Nd6
{[%clk 0:00:25]} 35. Rb4 {[%clk 0:00:45]} h5 {[%clk 0:00:20]} 36. Kf2
{[%clk 0:00:46]} Nb7 {[%clk 0:00:08]} 37. Ke3 {[%clk 0:00:46]} Nd6
{[%clk 0:00:09]} 38. Be2 {[%clk 0:00:45]} Ke6 {[%clk 0:00:11]} 39. g4
{[%clk 0:00:43]} hxg4 {[%clk 0:00:07]} 40. Bxg4+ {[%clk 0:00:44]} Ke7
{[%clk 0:00:09]} 41. h4 {[%clk 0:00:41]} Nb7 {[%clk 0:00:06]} 42. Be2
{[%clk 0:00:42]} Nd6 {[%clk 0:00:07]} 43. Rb1 {[%clk 0:00:43]} Ne8
{[%clk 0:00:04]} 44. Bf1 {[%clk 0:00:38]} Nd6 {[%clk 0:00:05]} 45. Bh3
{[%clk 0:00:36]} Kf6 {[%clk 0:00:05]} 46. Rf1+ Ke7 47. Rb1 {[%clk 0:00:29]} Kf6
{[%clk 0:00:08]} 48. Bf1 {[%clk 0:00:17]} Ke7 {[%clk 0:00:09]} 49. Be2
{[%clk 0:00:18]} Nc8 {[%clk 0:00:06]} 50. Rg1 {[%clk 0:00:15]} Kf6 51. Rd1
{[%clk 0:00:13]} Nd6 {[%clk 0:00:05]} 52. Bg4 {[%clk 0:00:13]} Nb7
{[%clk 0:00:04]} 53. Rd7 {[%clk 0:00:06]} Nc5 {[%clk 0:00:05]} 54. Ra7
{[%clk 0:00:07]} Rd6 {[%clk 0:00:06]} 55. Be2 {[%clk 0:00:09]} Nd3
{[%clk 0:00:05]} 56. Rc7 {[%clk 0:00:09]} Nb2 {[%clk 0:00:06]} 57. Bxc4
{[%clk 0:00:09]} Nxc4+ {[%clk 0:00:04]} 58. Rxc4 {[%clk 0:00:10]} g5
{[%clk 0:00:04]} 59. hxg5+ {[%clk 0:00:11]} Kxg5 {[%clk 0:00:05]} 60. Rb4
{[%clk 0:00:07]} Kf6 {[%clk 0:00:06]} 61. Rb5 {[%clk 0:00:07]} Ke6
{[%clk 0:00:07]} 62. c4 {[%clk 0:00:08]} Kf6 {[%clk 0:00:06]} 63. Rd5
{[%clk 0:00:09]} Rc6 {[%clk 0:00:07]} 64. Kd3 {[%clk 0:00:10]} Ke6
{[%clk 0:00:09]} 65. Kc3 {[%clk 0:00:11]} Rc8 {[%clk 0:00:05]} 66. Rb5
{[%clk 0:00:12]} Rc6 {[%clk 0:00:06]} 67. Kb4 {[%clk 0:00:14]} Kd6
{[%clk 0:00:07]} 68. Rd5+ {[%clk 0:00:14]} Ke6 {[%clk 0:00:09]} 69. a5
{[%clk 0:00:07]} bxa5+ {[%clk 0:00:10]} 70. Rxa5 {[%clk 0:00:07]} Rb6+
{[%clk 0:00:07]} 71. Rb5 {[%clk 0:00:08]} Ra6 {[%clk 0:00:07]} 72. c5
{[%clk 0:00:07]} Kd7 {[%clk 0:00:05]} 73. Kc4 Kc6 74. Rb8 {[%clk 0:00:05]} Ra4+
{[%clk 0:00:08]} 75. Rb4 {[%clk 0:00:05]} Ra6 {[%clk 0:00:07]} 76. Rb6+
{[%clk 0:00:05]} Rxb6 {[%clk 0:00:08]} 77. cxb6 {[%clk 0:00:07]} Kd5+ 1-0

[Event "Russian Blitz Championship (m)"]
[Site "Sochi"]
[Date "2022.10.14"]
[Round "6.8"]
[White "Bryakin, Mikhail"]
[Black "Ponkratov, Pavel"]
[Result "1/2-1/2"]
[BlackElo "2515"]
[WhiteElo "2367"]
[LiveChessVersion "1.4.8"]

1. d4 {[%clk 0:03:03]} e6 {[%clk 0:03:03]} 2. c4 {[%clk 0:03:02]} c5
{[%clk 0:03:04]} 3. d5 {[%clk 0:03:02]} exd5 {[%clk 0:03:05]} 4. cxd5
{[%clk 0:03:03]} g6 {[%clk 0:03:05]} 5. Nc3 {[%clk 0:03:03]} d6 {[%clk 0:03:06]}
6. Nf3 {[%clk 0:03:01]} Bg7 {[%clk 0:03:07]} 7. e4 {[%clk 0:03:02]} a6
{[%clk 0:03:09]} 8. a4 {[%clk 0:03:02]} Bg4 {[%clk 0:03:09]} 9. Be2
{[%clk 0:03:01]} Bxf3 {[%clk 0:03:10]} 10. Bxf3 {[%clk 0:03:02]} Nf6
{[%clk 0:03:11]} 11. O-O {[%clk 0:03:00]} O-O {[%clk 0:03:11]} 12. h3
{[%clk 0:02:50]} Nbd7 {[%clk 0:03:11]} 13. Bf4 {[%clk 0:02:47]} Qe7
{[%clk 0:03:00]} 14. Re1 {[%clk 0:02:47]} Ne5 {[%clk 0:02:56]} 15. Be2
{[%clk 0:02:47]} Rfe8 {[%clk 0:02:56]} 16. Rb1 {[%clk 0:02:38]} Rac8
{[%clk 0:02:56]} 17. Qc2 {[%clk 0:02:35]} Nfd7 {[%clk 0:02:38]} 18. Bh2
{[%clk 0:02:31]} g5 {[%clk 0:02:39]} 19. g3 {[%clk 0:02:17]} c4 {[%clk 0:01:55]}
20. f4 {[%clk 0:02:14]} Nd3 {[%clk 0:01:51]} 21. Bxd3 {[%clk 0:02:05]} cxd3
{[%clk 0:01:51]} 22. Qxd3 {[%clk 0:02:06]} Nc5 {[%clk 0:01:52]} 23. Qf3
{[%clk 0:01:55]} Qd7 {[%clk 0:01:41]} 24. Kg2 {[%clk 0:01:34]} Nxa4
{[%clk 0:01:40]} 25. Re3 {[%clk 0:01:09]} Nxc3 {[%clk 0:01:31]} 26. bxc3
{[%clk 0:01:11]} f5 {[%clk 0:01:30]} 27. fxg5 {[%clk 0:00:41]} fxe4
{[%clk 0:01:31]} 28. Rxe4 Rxc3 29. Qe2 {[%clk 0:00:43]} Rxe4 {[%clk 0:01:02]} 30.
Qxe4 {[%clk 0:00:44]} b5 {[%clk 0:01:02]} 31. g4 {[%clk 0:00:39]} Rc4
{[%clk 0:01:00]} 32. Qf5 {[%clk 0:00:29]} Qe7 {[%clk 0:00:50]} 33. Rf1
{[%clk 0:00:30]} Qe4+ {[%clk 0:00:44]} 34. Qxe4 {[%clk 0:00:29]} Rxe4
{[%clk 0:00:45]} 35. Bxd6 {[%clk 0:00:25]} Rd4 {[%clk 0:00:46]} 36. Rc1
{[%clk 0:00:14]} Rxd5 {[%clk 0:00:40]} 37. Rc8+ {[%clk 0:00:16]} Kf7
{[%clk 0:00:40]} 38. Rc7+ {[%clk 0:00:13]} Kg6 {[%clk 0:00:35]} 39. Bf4
{[%clk 0:00:14]} Be5 {[%clk 0:00:25]} 40. Rc6+ {[%clk 0:00:12]} Kf7
{[%clk 0:00:23]} 41. Bxe5 {[%clk 0:00:12]} Rxe5 {[%clk 0:00:24]} 42. Rxa6
{[%clk 0:00:13]} Rxg5 {[%clk 0:00:25]} 43. Rb6 {[%clk 0:00:15]} Rc5
{[%clk 0:00:25]} 44. Kf3 {[%clk 0:00:14]} Kg7 {[%clk 0:00:25]} 45. Ke4 1/2-1/2

[Event "Russian Blitz Championship (m)"]
[Site "Sochi"]
[Date "2022.10.14"]
[Round "6.9"]
[White "Zakhartsov, Vladimir"]
[Black "Grebnev, Aleksey"]
[Result "0-1"]
[BlackElo "2377"]
[WhiteElo "2492"]
[LiveChessVersion "1.4.8"]

1. e4 {[%clk 0:03:03]} c5 {[%clk 0:03:03]} 2. Nf3 {[%clk 0:03:04]} d6
{[%clk 0:03:04]} 3. c3 {[%clk 0:03:05]} Nf6 {[%clk 0:03:04]} 4. Bd3
{[%clk 0:03:06]} Nc6 {[%clk 0:03:01]} 5. h3 {[%clk 0:03:00]} g6 {[%clk 0:03:02]}
6. Bc2 {[%clk 0:03:00]} e5 {[%clk 0:03:01]} 7. d4 {[%clk 0:02:54]} cxd4
{[%clk 0:03:01]} 8. cxd4 {[%clk 0:02:55]} exd4 {[%clk 0:03:02]} 9. Nxd4
{[%clk 0:02:56]} Bg7 {[%clk 0:03:03]} 10. Nb5 {[%clk 0:02:50]} O-O
{[%clk 0:02:46]} 11. N1c3 {[%clk 0:02:44]} d5 {[%clk 0:01:51]} 12. exd5
{[%clk 0:02:35]} Nb4 {[%clk 0:01:51]} 13. Bb3 {[%clk 0:02:26]} a6
{[%clk 0:01:43]} 14. Na3 {[%clk 0:02:21]} Re8+ {[%clk 0:01:41]} 15. Be3
{[%clk 0:02:21]} b5 {[%clk 0:01:30]} 16. O-O {[%clk 0:01:45]} Bb7
{[%clk 0:01:31]} 17. d6 {[%clk 0:01:40]} Rc8 {[%clk 0:01:15]} 18. Qd2
{[%clk 0:01:37]} Nc6 {[%clk 0:00:57]} 19. Nc2 {[%clk 0:01:31]} Ne5
{[%clk 0:00:57]} 20. Rad1 {[%clk 0:01:08]} Qd7 {[%clk 0:00:57]} 21. f4
{[%clk 0:00:53]} Nc4 {[%clk 0:00:53]} 22. Bxc4 {[%clk 0:00:54]} Rxc4
{[%clk 0:00:54]} 23. f5 {[%clk 0:00:34]} b4 {[%clk 0:00:42]} 24. Ne2
{[%clk 0:00:21]} Rxc2 {[%clk 0:00:29]} 25. Qxc2 {[%clk 0:00:22]} Rxe3
{[%clk 0:00:30]} 26. fxg6 {[%clk 0:00:21]} hxg6 {[%clk 0:00:25]} 27. Nf4
{[%clk 0:00:20]} Re8 {[%clk 0:00:14]} 28. Qc5 {[%clk 0:00:14]} Qc6
{[%clk 0:00:08]} 29. Qxb4 {[%clk 0:00:10]} Rd8 {[%clk 0:00:06]} 30. Qd2
{[%clk 0:00:07]} Ne4 {[%clk 0:00:06]} 31. Qe3 {[%clk 0:00:06]} Rxd6
{[%clk 0:00:05]} 32. Rxd6 {[%clk 0:00:07]} Nxd6 {[%clk 0:00:06]} 33. Rd1
{[%clk 0:00:06]} Nf5 {[%clk 0:00:05]} 34. Qc1 {[%clk 0:00:05]} Qb6+
{[%clk 0:00:04]} 35. Kh1 {[%clk 0:00:05]} Be5 {[%clk 0:00:05]} 36. Re1
{[%clk 0:00:04]} Bf6 {[%clk 0:00:03]} 37. b3 {[%clk 0:00:04]} Qd6
{[%clk 0:00:04]} 38. Rd1 {[%clk 0:00:05]} Qe5 {[%clk 0:00:06]} 39. Re1
{[%clk 0:00:05]} Qd4 {[%clk 0:00:07]} 40. Rd1 {[%clk 0:00:06]} Qf2
{[%clk 0:00:08]} 41. Rf1 {[%clk 0:00:05]} Qg3 {[%clk 0:00:09]} 42. Qe1
{[%clk 0:00:04]} Qg5 {[%clk 0:00:08]} 43. Kg1 {[%clk 0:00:04]} Bd4+
{[%clk 0:00:10]} 44. Kh2 {[%clk 0:00:04]} Be3 {[%clk 0:00:11]} 45. g3
{[%clk 0:00:04]} Bxf4 {[%clk 0:00:12]} 46. Rxf4 {[%clk 0:00:05]} Qf6
{[%clk 0:00:13]} 47. Rb4 {[%clk 0:00:05]} Qb2+ {[%clk 0:00:13]} 0-1

[Event "Russian Blitz Championship (m)"]
[Site "Sochi"]
[Date "2022.10.14"]
[Round "6.10"]
[White "Triapishko, Alexandr"]
[Black "Khubukshanov, Erdem"]
[Result "1-0"]
[BlackElo "2377"]
[WhiteElo "2479"]
[LiveChessVersion "1.4.8"]

1. Nf3 {[%clk 0:03:03]} d5 {[%clk 0:03:03]} 2. g3 {[%clk 0:03:04]} Bg4
{[%clk 0:03:02]} 3. Bg2 {[%clk 0:03:05]} Nd7 {[%clk 0:03:02]} 4. c4
{[%clk 0:03:06]} dxc4 {[%clk 0:03:00]} 5. Na3 {[%clk 0:02:45]} Ngf6
{[%clk 0:02:52]} 6. Nxc4 {[%clk 0:02:46]} c6 {[%clk 0:02:52]} 7. O-O
{[%clk 0:02:45]} e6 {[%clk 0:02:52]} 8. d4 {[%clk 0:02:32]} Be7 {[%clk 0:02:52]}
9. Qb3 {[%clk 0:02:33]} Nb6 {[%clk 0:02:39]} 10. Na5 {[%clk 0:02:15]} Qc8
{[%clk 0:02:34]} 11. h3 {[%clk 0:01:46]} Bh5 {[%clk 0:02:34]} 12. Bd2
{[%clk 0:01:33]} O-O {[%clk 0:02:29]} 13. Rac1 {[%clk 0:01:30]} Rd8
{[%clk 0:02:25]} 14. Bc3 {[%clk 0:01:24]} Rb8 {[%clk 0:02:22]} 15. Rfd1
{[%clk 0:01:18]} Nbd5 {[%clk 0:02:21]} 16. Be1 {[%clk 0:01:18]} Qc7
{[%clk 0:02:06]} 17. Nc4 {[%clk 0:01:04]} Rbc8 {[%clk 0:01:59]} 18. Nce5
{[%clk 0:00:59]} Qb6 {[%clk 0:01:47]} 19. Qxb6 {[%clk 0:00:41]} axb6
{[%clk 0:01:39]} 20. g4 {[%clk 0:00:41]} Bg6 {[%clk 0:01:39]} 21. Nxg6
{[%clk 0:00:42]} hxg6 {[%clk 0:01:38]} 22. e3 {[%clk 0:00:43]} Ra8
{[%clk 0:01:35]} 23. a3 {[%clk 0:00:44]} b5 {[%clk 0:01:34]} 24. Ne5
{[%clk 0:00:40]} b4 {[%clk 0:01:26]} 25. axb4 {[%clk 0:00:41]} Nxb4
{[%clk 0:01:20]} 26. Bxb4 {[%clk 0:00:28]} Bxb4 {[%clk 0:01:19]} 27. Ra1
{[%clk 0:00:30]} Ne8 {[%clk 0:01:16]} 28. Nd3 {[%clk 0:00:24]} Be7
{[%clk 0:01:16]} 29. b4 {[%clk 0:00:25]} Nd6 {[%clk 0:01:04]} 30. Nc5
{[%clk 0:00:26]} g5 {[%clk 0:00:54]} 31. Kf1 {[%clk 0:00:26]} Bf6
{[%clk 0:00:52]} 32. Ke2 {[%clk 0:00:18]} e5 {[%clk 0:00:51]} 33. Rxa8
{[%clk 0:00:14]} Rxa8 {[%clk 0:00:49]} 34. d5 {[%clk 0:00:13]} Ra2+
{[%clk 0:00:41]} 35. Kf1 {[%clk 0:00:14]} cxd5 {[%clk 0:00:41]} 36. Bxd5
{[%clk 0:00:13]} Rb2 {[%clk 0:00:41]} 37. Bxb7 {[%clk 0:00:05]} Be7
{[%clk 0:00:36]} 38. Nd3 {[%clk 0:00:04]} Rc2 {[%clk 0:00:25]} 39. Bd5
{[%clk 0:00:05]} Nb5 {[%clk 0:00:21]} 40. Nxe5 {[%clk 0:00:04]} Nc3
{[%clk 0:00:18]} 41. Bxf7+ {[%clk 0:00:06]} Kf8 {[%clk 0:00:18]} 42. Rd7
{[%clk 0:00:06]} Ne4 {[%clk 0:00:18]} 43. Bd5 {[%clk 0:00:05]} Bf6
{[%clk 0:00:16]} 44. Rf7+ {[%clk 0:00:03]} Ke8 {[%clk 0:00:17]} 45. Bxe4
{[%clk 0:00:03]} Bxe5 {[%clk 0:00:18]} 46. Bg6 {[%clk 0:00:03]} Kd8
{[%clk 0:00:17]} 47. Bxc2 {[%clk 0:00:04]} 1-0

[Event "Russian Blitz Championship (m)"]
[Site "Sochi"]
[Date "2022.10.14"]
[Round "6.11"]
[White "Turov, Maxim"]
[Black "Kavyev, Ruslan"]
[Result "1/2-1/2"]
[BlackElo "2245"]
[WhiteElo "2465"]
[LiveChessVersion "1.4.8"]

1. e4 {[%clk 0:03:03]} d5 {[%clk 0:03:04]} 2. exd5 {[%clk 0:03:04]} Nf6
{[%clk 0:03:05]} 3. Bb5+ {[%clk 0:03:04]} Bd7 {[%clk 0:03:06]} 4. Be2
{[%clk 0:03:05]} Nxd5 {[%clk 0:03:06]} 5. d4 {[%clk 0:03:06]} Bf5
{[%clk 0:03:07]} 6. Nf3 {[%clk 0:03:05]} e6 {[%clk 0:03:08]} 7. O-O
{[%clk 0:03:06]} Be7 {[%clk 0:03:08]} 8. a3 {[%clk 0:03:04]} c6 {[%clk 0:03:06]}
9. c4 {[%clk 0:03:04]} Nf6 {[%clk 0:03:07]} 10. h3 {[%clk 0:03:00]} h6
{[%clk 0:03:07]} 11. Be3 {[%clk 0:02:59]} Nbd7 {[%clk 0:03:08]} 12. Nc3
{[%clk 0:02:59]} O-O {[%clk 0:03:08]} 13. Qb3 {[%clk 0:02:51]} Qb6
{[%clk 0:03:08]} 14. Qxb6 {[%clk 0:02:51]} Nxb6 {[%clk 0:03:08]} 15. Rfd1
{[%clk 0:02:50]} Rfd8 {[%clk 0:03:09]} 16. Rac1 {[%clk 0:02:45]} Ne4
{[%clk 0:03:09]} 17. Nxe4 {[%clk 0:02:39]} Bxe4 {[%clk 0:03:10]} 18. Ne5
{[%clk 0:02:37]} Na4 {[%clk 0:02:57]} 19. Bd3 {[%clk 0:01:55]} Bxd3
{[%clk 0:02:50]} 20. Nxd3 {[%clk 0:01:56]} Nb6 {[%clk 0:02:28]} 21. Nc5
{[%clk 0:01:40]} Bxc5 {[%clk 0:02:21]} 22. dxc5 {[%clk 0:01:41]} Nd7
{[%clk 0:02:22]} 23. b4 {[%clk 0:01:27]} Kf8 {[%clk 0:02:08]} 24. Bf4
{[%clk 0:01:25]} e5 {[%clk 0:02:09]} 25. Bg3 {[%clk 0:01:22]} f6 {[%clk 0:02:02]}
26. f4 {[%clk 0:01:21]} Ke7 {[%clk 0:01:49]} 27. Kf2 {[%clk 0:01:19]} a5
{[%clk 0:01:42]} 28. Re1 {[%clk 0:01:06]} axb4 {[%clk 0:01:38]} 29. axb4
{[%clk 0:01:02]} Ra2+ {[%clk 0:01:34]} 30. Kf1 {[%clk 0:01:00]} Rd2
{[%clk 0:01:12]} 31. fxe5 {[%clk 0:00:53]} Nxe5 {[%clk 0:01:12]} 32. Bxe5
{[%clk 0:00:53]} fxe5 {[%clk 0:01:13]} 33. Rxe5+ {[%clk 0:00:53]} Kf6
{[%clk 0:01:15]} 34. Re2 {[%clk 0:00:44]} R8d4 {[%clk 0:00:56]} 35. Ke1
{[%clk 0:00:36]} Rxe2+ {[%clk 0:00:45]} 36. Kxe2 {[%clk 0:00:37]} Ke5
{[%clk 0:00:46]} 37. Rc3 {[%clk 0:00:39]} g5 {[%clk 0:00:39]} 38. Re3+
{[%clk 0:00:31]} Kf6 {[%clk 0:00:34]} 39. Rf3+ {[%clk 0:00:29]} Ke6
{[%clk 0:00:32]} 40. Re3+ {[%clk 0:00:29]} Kf6 {[%clk 0:00:34]} 41. Rf3+ Ke5
1/2-1/2

[Event "Russian Blitz Championship (m)"]
[Site "Sochi"]
[Date "2022.10.14"]
[Round "6.12"]
[White "Grigorjev, Iljya"]
[Black "Rozum, Ivan"]
[Result "0-1"]
[BlackElo "2428"]
[WhiteElo "2304"]
[LiveChessVersion "1.4.8"]

1. e4 {[%clk 0:03:01]} c5 {[%clk 0:03:03]} 2. Nf3 {[%clk 0:03:01]} d6
{[%clk 0:03:04]} 3. d4 {[%clk 0:03:02]} cxd4 {[%clk 0:03:05]} 4. Nxd4
{[%clk 0:03:02]} Nf6 {[%clk 0:03:05]} 5. Nc3 {[%clk 0:03:03]} a6 {[%clk 0:03:06]}
6. Bg5 {[%clk 0:03:03]} e6 {[%clk 0:03:05]} 7. f4 {[%clk 0:03:03]} Be7
{[%clk 0:03:05]} 8. Qe2 {[%clk 0:02:56]} h6 {[%clk 0:02:55]} 9. Bh4
{[%clk 0:02:56]} Nxe4 {[%clk 0:02:48]} 10. Bxe7 {[%clk 0:02:56]} Nxc3
{[%clk 0:02:48]} 11. Qc4 {[%clk 0:02:56]} Kxe7 {[%clk 0:02:41]} 12. Qxc3
{[%clk 0:02:56]} Re8 {[%clk 0:02:31]} 13. O-O-O {[%clk 0:02:12]} Kf8
{[%clk 0:02:31]} 14. h4 {[%clk 0:01:56]} d5 {[%clk 0:02:20]} 15. g4
{[%clk 0:01:46]} Qd6 {[%clk 0:02:20]} 16. Qg3 {[%clk 0:01:21]} Nc6
{[%clk 0:02:17]} 17. Nf3 {[%clk 0:01:21]} e5 {[%clk 0:01:35]} 18. f5
{[%clk 0:01:01]} Qc5 {[%clk 0:01:35]} 19. Kb1 {[%clk 0:00:56]} e4
{[%clk 0:01:31]} 20. Nd2 {[%clk 0:00:57]} d4 {[%clk 0:01:11]} 21. Nb3
{[%clk 0:00:55]} Qd5 {[%clk 0:01:06]} 22. Bg2 {[%clk 0:00:49]} a5
{[%clk 0:01:04]} 23. Qf2 {[%clk 0:00:36]} e3 {[%clk 0:00:49]} 24. Bxd5
{[%clk 0:00:36]} exf2 {[%clk 0:00:50]} 25. Bxc6 {[%clk 0:00:34]} bxc6
{[%clk 0:00:51]} 26. Rhf1 {[%clk 0:00:27]} d3 {[%clk 0:00:30]} 27. Rxf2
{[%clk 0:00:22]} Re2 {[%clk 0:00:26]} 28. Rd2 {[%clk 0:00:11]} Re1+
{[%clk 0:00:18]} 29. Nc1 {[%clk 0:00:12]} Ba6 {[%clk 0:00:16]} 30. cxd3
{[%clk 0:00:10]} Rd8 {[%clk 0:00:16]} 31. Kc2 {[%clk 0:00:10]} Rd4
{[%clk 0:00:17]} 32. g5 {[%clk 0:00:05]} Rxh4 {[%clk 0:00:18]} 33. gxh6
{[%clk 0:00:06]} gxh6 {[%clk 0:00:18]} 34. Nb3 {[%clk 0:00:06]} a4
{[%clk 0:00:18]} 35. Nc5 {[%clk 0:00:07]} Bb5 {[%clk 0:00:19]} 36. f6
{[%clk 0:00:06]} Rhh1 {[%clk 0:00:19]} 37. Kc3 {[%clk 0:00:07]} Rc1+
{[%clk 0:00:19]} 38. Kb4 {[%clk 0:00:08]} Rh4+ {[%clk 0:00:18]} 39. d4
{[%clk 0:00:08]} Rc4+ {[%clk 0:00:19]} 40. Ka5 {[%clk 0:00:09]} Rhxd4
{[%clk 0:00:19]} 41. Nd7+ {[%clk 0:00:07]} Ke8 {[%clk 0:00:18]} 42. Ne5
{[%clk 0:00:06]} Rxd2 {[%clk 0:00:19]} 43. Rxd2 {[%clk 0:00:07]} Re4
{[%clk 0:00:20]} 44. Nd7 {[%clk 0:00:04]} Re2 {[%clk 0:00:16]} 45. Rd4
{[%clk 0:00:03]} Rxb2 {[%clk 0:00:17]} 46. Nc5 {[%clk 0:00:04]} Re2
{[%clk 0:00:14]} 47. Nb7 {[%clk 0:00:05]} Kf8 {[%clk 0:00:16]} 48. Rd8+
{[%clk 0:00:04]} Re8 {[%clk 0:00:17]} 49. Rd7 {[%clk 0:00:05]} Ra8+
{[%clk 0:00:15]} 50. Kb6 {[%clk 0:00:05]} Bc4 {[%clk 0:00:16]} 51. Nd6
{[%clk 0:00:04]} Bxa2 {[%clk 0:00:17]} 52. Kb7 {[%clk 0:00:03]} Be6
{[%clk 0:00:18]} 53. Rc7 Rd8 54. Ne4 a3 0-1

[Event "Russian Blitz Championship (m)"]
[Site "Sochi"]
[Date "2022.10.14"]
[Round "6.13"]
[White "Rodin, Dmitrij"]
[Black "Faizrakhmanov, Ramil"]
[Result "0-1"]
[BlackElo "2421"]
[WhiteElo "2242"]
[LiveChessVersion "1.4.8"]

1. e4 {[%clk 0:03:02]} c5 {[%clk 0:03:03]} 2. Nf3 {[%clk 0:03:02]} d6
{[%clk 0:03:05]} 3. d4 {[%clk 0:03:04]} cxd4 {[%clk 0:03:06]} 4. Nxd4
{[%clk 0:03:05]} Nf6 {[%clk 0:03:06]} 5. Nc3 {[%clk 0:03:06]} a6 {[%clk 0:03:08]}
6. f4 {[%clk 0:03:05]} Nbd7 {[%clk 0:03:05]} 7. Be3 {[%clk 0:03:05]} g6
{[%clk 0:03:01]} 8. Be2 {[%clk 0:03:03]} Bg7 {[%clk 0:03:01]} 9. O-O
{[%clk 0:03:03]} O-O {[%clk 0:03:02]} 10. Qd2 {[%clk 0:02:44]} Qc7
{[%clk 0:02:50]} 11. Bf3 {[%clk 0:02:42]} e5 {[%clk 0:02:38]} 12. Nb3
{[%clk 0:02:16]} Nb6 {[%clk 0:02:08]} 13. Na5 {[%clk 0:01:36]} Bg4
{[%clk 0:02:00]} 14. Rad1 {[%clk 0:01:28]} Rad8 {[%clk 0:01:53]} 15. Kh1
{[%clk 0:01:24]} Bxf3 {[%clk 0:01:48]} 16. Rxf3 {[%clk 0:01:25]} Nc4
{[%clk 0:01:24]} 17. Nxc4 {[%clk 0:01:22]} Qxc4 {[%clk 0:01:25]} 18. fxe5
{[%clk 0:01:08]} Nxe4 {[%clk 0:01:03]} 19. Nxe4 {[%clk 0:01:08]} Qxe4
{[%clk 0:01:04]} 20. exd6 {[%clk 0:01:08]} Rd7 {[%clk 0:01:02]} 21. Bg5
{[%clk 0:00:49]} Bxb2 {[%clk 0:00:49]} 22. Be7 {[%clk 0:00:44]} Re8
{[%clk 0:00:48]} 23. Re1 {[%clk 0:00:30]} Rxd6 {[%clk 0:00:38]} 24. Qf2
{[%clk 0:00:04]} Rxe7 {[%clk 0:00:38]} 0-1

[Event "Russian Blitz Championship (m)"]
[Site "Sochi"]
[Date "2022.10.14"]
[Round "6.14"]
[White "Nevostrujev, Vladimir"]
[Black "Tomashevsky, Evgeny"]
[Result "0-1"]
[BlackElo "2695"]
[WhiteElo "2474"]
[LiveChessVersion "1.4.8"]

1. e4 {[%clk 0:03:02]} e5 {[%clk 0:03:03]} 2. Nf3 {[%clk 0:03:03]} Nc6
{[%clk 0:03:04]} 3. Bb5 {[%clk 0:03:03]} a6 {[%clk 0:03:05]} 4. Ba4
{[%clk 0:03:04]} Nf6 {[%clk 0:03:05]} 5. O-O {[%clk 0:03:04]} Be7
{[%clk 0:03:06]} 6. Re1 {[%clk 0:03:04]} b5 {[%clk 0:03:06]} 7. Bb3
{[%clk 0:03:06]} O-O {[%clk 0:03:06]} 8. c3 {[%clk 0:03:06]} d6 {[%clk 0:03:05]}
9. h3 {[%clk 0:03:05]} Nb8 {[%clk 0:03:04]} 10. d4 {[%clk 0:03:06]} Nbd7
{[%clk 0:03:05]} 11. Nbd2 {[%clk 0:03:01]} Bb7 {[%clk 0:03:06]} 12. Bc2
{[%clk 0:02:56]} Re8 {[%clk 0:03:07]} 13. Nf1 {[%clk 0:02:56]} Bf8
{[%clk 0:03:08]} 14. Ng3 {[%clk 0:02:57]} g6 {[%clk 0:03:08]} 15. a4
{[%clk 0:02:46]} Bg7 {[%clk 0:03:05]} 16. Qd3 {[%clk 0:02:07]} c6
{[%clk 0:02:52]} 17. Bd2 {[%clk 0:01:57]} Qc7 {[%clk 0:02:49]} 18. b4
{[%clk 0:01:46]} Nb6 {[%clk 0:02:36]} 19. a5 {[%clk 0:01:32]} Nc4
{[%clk 0:02:37]} 20. Bb3 {[%clk 0:01:29]} d5 {[%clk 0:02:05]} 21. Nxe5
{[%clk 0:01:04]} Nxe4 {[%clk 0:01:45]} 22. Nxe4 {[%clk 0:00:56]} dxe4
{[%clk 0:01:46]} 23. Rxe4 {[%clk 0:00:48]} Nxe5 {[%clk 0:01:36]} 24. dxe5
{[%clk 0:00:49]} c5 {[%clk 0:01:37]} 25. e6 {[%clk 0:00:09]} c4 {[%clk 0:01:32]}
26. exf7+ {[%clk 0:00:04]} Kxf7 {[%clk 0:01:32]} 27. Rxc4 0-1